| 000 | 00872cam a22002653a 4500 | ||
|---|---|---|---|
| 001 | 13516 | ||
| 003 | PGUSA | ||
| 005 | 20140828083305.0 | ||
| 008 | 040923s2004||||xxu|||||s|||||000 | eng d | ||
| 040 |
_aPGUSA _beng |
||
| 042 | _adc | ||
| 050 | 4 | _aDF | |
| 100 | 1 |
_aMoncada, Francisco de, _d1586-1635 |
|
| 245 | 1 | 0 |
_aExpedición de Catalanes y Aragoneses al Oriente _h[electronic resource] / _cFrancisco de Moncada |
| 260 |
_bProject Gutenberg, _c2004 |
||
| 506 | _aPublic domain in the USA. | ||
| 516 | _aElectronic text | ||
| 653 | _aByzantine Empire -- History -- Andronicus II Palaeologus, 1282-1328 | ||
| 653 | _aFlor, Roger de, d. 1305 | ||
| 653 | _aCatalan Grand Company | ||
| 740 | 0 | _aExpedición de Catalanes y Aragoneses, contra Turcos Y Griegos | |
| 830 | 0 |
_aProject Gutenberg _v13516 |
|
| 856 | 4 | 0 | _uhttp://www.gutenberg.org/ebooks/13516 |
| 942 | _cEB | ||
| 999 |
_c242771 _d242771 |
||